00255nam a2200109Ia 4500008004100000100002500041245002900066260001300095650001300108942000700121999001700128190216s9999||||xx |||||||||||||| ||und|| aPunathil Kunhabdulla 0aUnnathanmarude Smashanam bDc Books aKathakal cBK c26754d26754